000 00836nam a2200253 a 4500
001 525
003 BR-CuiBMT
005 20231108200901.0
008 231108s2006 spba 001 0 por d
020 _a8522443963
040 _aBR-CuiBMT
_cBR-CuiBMT
080 _22007
_a351.72
090 _a351.72
_bP348c
_c3. ed.
100 1 _aPazzaglini Filho, Marino
245 1 0 _aCrimes de responsabilidade fiscal :
_batos de improbidade administrativa por violação da LRF /
_cMarino Pazzaglini Filho.
250 _a3. ed.
260 _aSão Paulo :
_bAtlas ;
_c2006.
300 _a264 p. :
_bil. ;
_c24 cm
504 _aInclui bibliografia e índice.
650 _aResponsabilidade administrativa
_zBrasil
650 _aCrime contra a administração pública
_zBrasil
650 _aCrime de responsabilidade
_zBrasil
942 _2udc
_cLV
999 _c525
_d525